Actors Who Played Multiple Superheroes - Statistics

General Stats
  • This quiz has been taken 139 times
  • The average score is 9 of 16
Answer Stats
Hint Answer % Correct
Daredevil, Justice League, Batman V. Superman: Dawn of Justice, Zack Snyder's Justice League Ben Affleck
93%
Hancock, Men In Black, Men In Black 2, Suicide Squad, Men In Black 3 Will Smith
81%
The Losers,TMNT,Fantastic Four,Thor: The Dark World,Avengers: Endgame,Scott Pilgrim V.S. The World,Fantastic Four: Rise of The Silver Surfer,The Avengers Chris Evans
78%
X-Men, X-2, Logan, Movie 43, The Wolverine, X-Men: First Class,Deadpool,Deadpool 2 Hugh Jackman
77%
Ghostrider, Spider-Man Into The Spider-Verse, Teen Titans Go! To The Movies, Ghostrider: Spirit of Vengeance Nicolas Cage
76%
The Incredibles, The Incredibles 2, Glass, Split, Iron Man 2,Thor,The Avengers, Captain Marvel,Iron Man Samuel L. Jackson
63%
Men In Black, Batman Forever, Men In Black 2, Captain America: The First Avenger, Men In Black 3 Tommy Lee Jones
63%
X-Men, X-2, X-Men: The Last Stand, Catwoman, X-Men: Days of Future Past Halle Berry
61%
Thor, V For Vendetta, Thor: The Dark World, Avengers: Endgame Natalie Portman
59%
Batman,Morbius, Batman Returns, Spider-Man: Homecoming Michael Keaton
55%
Suicide Squad, Morbius, Zack Snyder's Justice League Jared Leto
53%
Aquaman, Spider-Man, Spider-Man 2, Zack Snyder's Justice League, Spider-Man 3 Willem Dafoe
38%
Wonder Woman, Spider-Man Into The Spider-Verse, Wonder Woman 1984 Chris Pine
37%
V For Vendetta, Captain America: The First Avenger Hugo Weaving
37%
Spider-Man, Justice League, Spider-Man 2, Spider-Man 3, Zack Snyder's Justice League, Spider-Man: Far From Home J.K. Simmons
27%
X-Men, X-Men: The Last Stand, Superman Returns, X-2 James Marsden
21%
No matching quizzes found
Score Distribution
Percent of People with Each Score
Percentile by Number Answered
Your Score History
You have not taken this quiz